[Event "British Championship"]
[Site "Torquay"]
[Date "2009.07.27"]
[Round "1.28"]
[White "Khandelwal, Ankush"]
[Black "Jones, Victor GL"]
[Result "1-0"]
[WhiteElo "2160"]
[BlackElo "2076"]
[PlyCount "47"]
[EventDate "2009.07.27"]
[EventRounds "11"]
[EventCountry "ENG"]
[SourceDate "2009.07.27"]

1. e4 c5 2. Nf3 d6 3. d4 cxd4 4. Nxd4 Nf6 5. Nc3 a6 6. Bg5 e6 7. Qd2 h6 8. Bxf6
Qxf6 9. f4 Bd7 10. O-O-O Nc6 11. Nf3 O-O-O 12. Qe3 g5 13. fxg5 hxg5 14. Qb6 Nb8
15. Kb1 g4 16. e5 Qh6 17. exd6 Bxd6 18. Rxd6 gxf3 19. Nd5 exd5 20. Rxh6 Rhe8
21. Qc5+ Nc6 22. Bxa6 f2 23. Rxc6+ Kb8 24. Qxf2 1-0

[Event "British Championship"]
[Site "Torquay"]
[Date "2009.07.27"]
[Round "1.29"]
[White "Garnett, John S"]
[Black "Eden, Tomer"]
[Result "0-1"]
[WhiteElo "2059"]
[BlackElo "2157"]
[PlyCount "90"]
[EventDate "2009.07.27"]
[EventRounds "11"]
[EventCountry "ENG"]
[SourceDate "2009.07.27"]

1. d4 e6 2. Nf3 Nf6 3. g3 d5 4. Bg2 Be7 5. O-O O-O 6. c4 dxc4 7. Nbd2 b5 8. a4
c6 9. Ne5 Nd5 10. axb5 cxb5 11. e4 Nb4 12. d5 exd5 13. exd5 Bb7 14. d6 Bxg2 15.
dxe7 Qxe7 16. Kxg2 Qxe5 17. Nf3 Qe4 18. Qd4 Qb7 19. Qc3 Nd3 20. b3 Nd7 21. Bf4
Nxf4+ 22. gxf4 cxb3 23. Qxb3 Rfe8 24. Rfd1 Nf6 25. Kg1 a5 26. Ne5 a4 27. Qb4
Nd5 28. Qe4 Rad8 29. Qf3 f6 30. Ng4 Qa8 31. Qg3 Kh8 32. h4 b4 33. h5 Nc3 34.
Rxd8 Qxd8 35. Kh2 h6 36. Ne3 Qd3 37. f5 Ne4 38. Qg6 Qd6+ 39. Kg1 Rc8 40. Rd1
Qf4 41. Qg2 b3 42. Nd5 Qxf2+ 43. Qxf2 Nxf2 44. Kxf2 b2 45. Ne7 Rb8 0-1

[Event "British Championship"]
[Site "Torquay"]
[Date "2009.07.27"]
[Round "1.30"]
[White "Warman, Simon M"]
[Black "Jones, William EG"]
[Result "0-1"]
[WhiteElo "2156"]
[BlackElo "2052"]
[PlyCount "112"]
[EventDate "2009.07.27"]
[EventRounds "11"]
[EventCountry "ENG"]
[SourceDate "2009.07.27"]

1. e4 c5 2. f4 d5 3. Bb5+ Bd7 4. Bxd7+ Qxd7 5. exd5 Qxd5 6. Qe2 Nf6 7. Nc3 Qd6
8. Nf3 g6 9. Ne5 a6 10. Qc4 e6 11. Ne4 Nxe4 12. Qxe4 Qd5 13. d3 Bg7 14. Nc4 Nd7
15. Qxd5 exd5 16. Nd6+ Ke7 17. Nxb7 Rab8 18. Na5 Rb5 19. Nb3 c4 20. a4 Rb6 21.
dxc4 dxc4 22. Nd2 Bxb2 23. Bxb2 Rxb2 24. O-O-O Rhb8 25. Rhe1+ Kf8 26. Nb3 Ra2
27. Rxd7 cxb3 28. Kb1 Rxa4 29. cxb3 Rxf4 30. Ka2 Rf2+ 31. Ka3 Rxg2 32. Rf1 Rxh2
33. Rfxf7+ Kg8 34. Rg7+ Kh8 35. Ra7 Rh3 36. Ka4 Rbxb3 37. Rxh7+ Rxh7 38. Ra8+
Kg7 39. Kxb3 Rh5 40. Rxa6 Rc5 41. Kb4 Rc1 42. Ra7+ Kh6 43. Ra8 Kh5 44. Rh8+ Kg4
45. Kb3 g5 46. Kb2 Rc7 47. Rg8 Kf4 48. Rf8+ Kg3 49. Rg8 g4 50. Rg6 Kf3 51. Rg8
g3 52. Rf8+ Kg2 53. Kb3 Kg1 54. Rg8 g2 55. Rf8 Rh7 56. Rc8 Kh1 0-1

[Event "British Championship"]
[Site "Torquay"]
[Date "2009.07.27"]
[Round "1.31"]
[White "Galliano, Alex"]
[Black "Mueller, Jan"]
[Result "1-0"]
[WhiteElo "2050"]
[BlackElo "2149"]
[PlyCount "67"]
[EventDate "2009.07.27"]
[EventRounds "11"]
[EventCountry "ENG"]
[SourceDate "2009.07.27"]

1. e4 c5 2. c3 g6 3. d4 cxd4 4. cxd4 d5 5. exd5 Nf6 6. Bb5+ Bd7 7. Bc4 b5 8.
Bb3 Bg7 9. Nf3 O-O 10. O-O Bg4 11. h3 Bc8 12. Bg5 Bb7 13. Qe2 a5 14. a3 Re8 15.
Re1 Nbd7 16. Qxb5 Ba6 17. Qc6 Nb6 18. Qc2 Rc8 19. Nc3 Nbxd5 20. Qd2 Bb7 21. Ne5
e6 22. Ng4 Qb6 23. Nxd5 Nxd5 24. Bxd5 exd5 25. Rxe8+ Rxe8 26. Re1 Rxe1+ 27.
Qxe1 h5 28. Nh6+ Bxh6 29. Qe8+ Kh7 30. Bxh6 Kxh6 31. Qh8+ Kg5 32. f4+ Kh4 33.
Kh2 f6 34. g3# 1-0

[Event "British Championship"]
[Site "Torquay"]
[Date "2009.07.27"]
[Round "1.32"]
[White "Surtees, Michael"]
[Black "Rocks, Daniel"]
[Result "1/2-1/2"]
[WhiteElo "2149"]
[BlackElo "2037"]
[PlyCount "80"]
[EventDate "2009.07.27"]
[EventRounds "11"]
[EventCountry "ENG"]
[SourceDate "2009.07.27"]

1. e4 e5 2. a3 Nf6 3. d3 Nc6 4. f4 exf4 5. Bxf4 Bc5 6. Nf3 d5 7. e5 Nh5 8. Bg5
Be7 9. Bxe7 Qxe7 10. d4 Bg4 11. Bb5 Bxf3 12. Qxf3 Qh4+ 13. Qf2 Qe4+ 14. Kd2 Nf4
15. Nc3 Qxg2 16. Qxg2 Nxg2 17. Rhg1 Nf4 18. Rxg7 Ne6 19. Rg4 a6 20. Bxc6+ bxc6
21. Rag1 Ke7 22. Ke3 Rad8 23. Ne2 Rdf8 24. Nf4 f6 25. Nxe6 Kxe6 26. Rg7 fxe5
27. dxe5 Kxe5 28. Rxc7 Rf6 29. Rgg7 Rhf8 30. Rce7+ Kd6 31. Kd3 Rf5 32. Re3 R5f7
33. Rxf7 Rxf7 34. Rh3 a5 35. Rh4 Kc5 36. b3 Re7 37. Rh6 Kb5 38. a4+ Kc5 39. Rh4
Rf7 40. Rh6 Re7 1/2-1/2

[Event "British Championship"]
[Site "Torquay"]
[Date "2009.07.27"]
[Round "1.33"]
[White "McDonnell, James J"]
[Black "Raoof, Adam"]
[Result "0-1"]
[WhiteElo "2023"]
[BlackElo "2144"]
[PlyCount "67"]
[EventDate "2009.07.27"]
[EventRounds "11"]
[EventCountry "ENG"]
[SourceDate "2009.07.27"]

1. e4 e6 2. d4 d5 3. Nd2 Nf6 4. e5 Nfd7 5. Bd3 c5 6. c3 Nc6 7. Ne2 cxd4 8. cxd4
f6 9. exf6 Qxf6 10. Nf3 h6 11. O-O Bd6 12. Ng3 O-O 13. Be3 Rd8 14. Rc1 Nf8 15.
Bb1 Bd7 16. Re1 Be8 17. Re2 Rac8 18. Re1 Bg6 19. Bxg6 Nxg6 20. Nh5 Qf7 21. a3
Rf8 22. Qe2 e5 23. Nxe5 Ngxe5 24. dxe5 Bxe5 25. Ng3 d4 26. f4 Bf6 27. Bd2 d3
28. Qxd3 Bxb2 29. Rcd1 Rfd8 30. Qf3 Nd4 31. Qg4 Bxa3 32. f5 Nc2 33. Rf1 Rd4 34.
Qh5 0-1

[Event "British Championship"]
[Site "Torquay"]
[Date "2009.07.27"]
[Round "1.34"]
[White "Griffiths, Ryan-Rhys"]
[Black "Lemoir, David"]
[Result "1/2-1/2"]
[WhiteElo "2137"]
[BlackElo "2009"]
[PlyCount "84"]
[EventDate "2009.07.27"]
[EventRounds "11"]
[EventCountry "ENG"]
[SourceDate "2009.07.27"]

1. e4 e5 2. Nf3 Nc6 3. d4 exd4 4. Nxd4 g6 5. Nc3 Bg7 6. Be3 Nf6 7. g3 O-O 8.
Bg2 Ng4 9. Qxg4 Nxd4 10. Qd1 Nc6 11. O-O d6 12. Qd2 Ne5 13. Bg5 f6 14. Bh6 Bxh6
15. Qxh6 c6 16. Qd2 Bh3 17. Rad1 Bxg2 18. Kxg2 Nf7 19. h4 Qe7 20. a4 a6 21. a5
Rad8 22. Qd4 Kg7 23. Rfe1 Rd7 24. Na4 Qe5 25. Nb6 Re7 26. Qb4 Qb5 27. Qc3 Rfe8
28. Nc4 Rxe4 29. Rxe4 Rxe4 30. Nxd6 Nxd6 31. Rxd6 Qf5 32. Qd3 Re5 33. Rd7+ Kh6
34. Qd2+ g5 35. hxg5+ fxg5 36. Qd6+ Re6 37. Qd4 Rf6 38. b4 g4 39. Qe3+ Kh5 40.
Qe8+ Kh6 41. Qe3+ Kg6 42. Rd3 Re6 1/2-1/2

[Event "British Championship"]
[Site "Torquay"]
[Date "2009.07.27"]
[Round "1.35"]
[White "Taylor, Geoffrey P"]
[Black "Yeo, Michael J"]
[Result "0-1"]
[WhiteElo "2003"]
[BlackElo "2136"]
[PlyCount "75"]
[EventDate "2009.07.27"]
[EventRounds "11"]
[EventCountry "ENG"]
[SourceDate "2009.07.27"]

1. e4 Nf6 2. e5 Nd5 3. d4 d6 4. c4 Nb6 5. exd6 exd6 6. Nf3 Bg4 7. Be3 Be7 8.
Nc3 O-O 9. a4 a5 10. b3 Bf6 11. Rc1 Nc6 12. Be2 d5 13. c5 Nc8 14. h3 Be6 15.
Nb5 N8e7 16. Bf4 Rc8 17. O-O h6 18. Bd3 g5 19. Be5 Bxe5 20. Nxe5 Nxe5 21. dxe5
Ng6 22. Re1 Nf4 23. Bb1 Kg7 24. Nd4 c6 25. Qc2 Rh8 26. Nf5+ Bxf5 27. Qxf5 Qe7
28. g3 Ne6 29. Qc2 Rcd8 30. Qc3 d4 31. Qxa5 Rd5 32. f4 gxf4 33. gxf4 Nxf4 34.
Kh2 Rxe5 35. Rg1+ Rg5 36. Rce1 Ne2 37. Rxg5+ hxg5 38. Bf5 0-1

[Event "British Championship"]
[Site "Torquay"]
[Date "2009.07.27"]
[Round "1.36"]
[White "De Coverly, Roger"]
[Black "Dines, Sheila"]
[Result "1/2-1/2"]
[WhiteElo "2127"]
[BlackElo "1936"]
[PlyCount "73"]
[EventDate "2009.07.27"]
[EventRounds "11"]
[EventCountry "ENG"]
[SourceDate "2009.07.27"]

1. Nf3 Nf6 2. g3 d5 3. Bg2 e6 4. O-O g6 5. d4 Bg7 6. c4 c6 7. b3 Nbd7 8. Ba3
Rb8 9. Bd6 Ra8 10. Nc3 Ne4 11. Nxe4 dxe4 12. Ne5 f5 13. c5 Bf8 14. Nc4 b5 15.
Bxf8 Kxf8 16. Nd6 Nf6 17. f3 exf3 18. Bxf3 Bd7 19. e4 Ne8 20. e5 Nxd6 21. cxd6
Kg7 22. Qd2 h5 23. Rac1 Rc8 24. Rc5 h4 25. Rfc1 hxg3 26. hxg3 Rh3 27. Qg2 Qh8
28. Bxc6 Qh6 29. R1c3 Rh8 30. Ba8 Qh5 31. Bf3 Qg5 32. Bb7 Rh2 33. Qxh2 Rxh2 34.
Kxh2 Qh5+ 35. Kg2 Qe2+ 36. Kh1 Qh5+ 37. Kg2 1/2-1/2

[Event "British Championship"]
[Site "Torquay"]
[Date "2009.07.27"]
[Round "1.37"]
[White "McClement, Andrew"]
[Black "Adair, James"]
[Result "1/2-1/2"]
[WhiteElo "1893"]
[BlackElo "2124"]
[PlyCount "130"]
[EventDate "2009.07.27"]
[EventRounds "11"]
[EventCountry "ENG"]
[SourceDate "2009.07.27"]

1. Nf3 c5 2. c4 Nc6 3. g3 g6 4. Bg2 Bg7 5. Nc3 e5 6. O-O Nge7 7. Ne1 Rb8 8. Nc2
a6 9. a4 O-O 10. d3 d6 11. Ne3 Nb4 12. a5 Nec6 13. Ncd5 Nxd5 14. cxd5 Nxa5 15.
Bd2 b6 16. Bxa5 bxa5 17. Nc4 Rb5 18. Qd2 Qc7 19. Rxa5 f5 20. Rfa1 f4 21. Rxb5
axb5 22. Qa5 Qxa5 23. Nxa5 fxg3 24. hxg3 e4 25. Bxe4 Bxb2 26. Rb1 Bd4 27. e3
Bc3 28. Rxb5 Be1 29. f4 Bxg3 30. Nc4 Ba6 31. Rb6 Bxc4 32. dxc4 Re8 33. Kg2 Bxf4
34. exf4 Rxe4 35. Kf3 Rxc4 36. Rxd6 Rd4 37. Kg4 Kg7 38. Rd7+ Kh6 39. Rd6 Rd3
40. Rd7 c4 41. Rc7 c3 42. d6 Rxd6 43. Rxc3 Rd7 44. Rc4 Rf7 45. Rc5 Ra7 46. Rc4
Ra1 47. Rc7 Rg1+ 48. Kh4 Rg2 49. Rb7 Rh2+ 50. Kg4 Rh5 51. Ra7 Rf5 52. Rb7 Rf8
53. Ra7 Rg8 54. Rb7 Rg7 55. Rxg7 Kxg7 56. f5 Kf6 57. fxg6 hxg6 58. Kf4 g5+ 59.
Kg3 Kf5 60. Kf3 g4+ 61. Kg2 Kf4 62. Kf2 g3+ 63. Kg1 Kg4 64. Kg2 Kh4 65. Kg1 Kh3
1/2-1/2

[Event "British Championship"]
[Site "Torquay"]
[Date "2009.07.27"]
[Round "1.38"]
[White "Smith, Graham M"]
[Black "Ross, Chris"]
[Result "1/2-1/2"]
[WhiteElo "2119"]
[BlackElo "2203"]
[PlyCount "38"]
[EventDate "2009.07.27"]
[EventRounds "11"]
[EventCountry "ENG"]
[SourceDate "2009.07.27"]

1. d4 Nf6 2. c4 e6 3. g3 Bb4+ 4. Nd2 O-O 5. Bg2 d5 6. Ngf3 Nbd7 7. a3 Be7 8.
Qc2 c6 9. O-O b6 10. b3 Bb7 11. Bb2 c5 12. dxc5 Nxc5 13. Ng5 Ncd7 14. Rad1 h6
15. Nh3 Qc8 16. Qb1 dxc4 17. Nxc4 Bxg2 18. Kxg2 Rd8 19. Nf4 Nc5 1/2-1/2

[Event "British Championship"]
[Site "Torquay"]
[Date "2009.07.28"]
[Round "2.1"]
[White "Hebden, Mark"]
[Black "Howell, David"]
[Result "0-1"]
[WhiteElo "2468"]
[BlackElo "2614"]
[PlyCount "108"]
[EventDate "2009.07.28"]
[EventRounds "11"]
[EventCountry "ENG"]

1. d4 Nf6 2. Nf3 d5 3. c4 e6 4. Bg5 dxc4 5. Nc3 c6 6. e4 b5 7. e5 h6 8. Bh4 g5
9. Nxg5 hxg5 10. Bxg5 Nbd7 11. exf6 Bb7 12. g3 c5 13. d5 Qb6 14. Bg2 O-O-O 15.
O-O b4 16. Na4 Qa6 17. a3 Bxd5 18. Bxd5 Ne5 19. axb4 Rxd5 20. Qe2 cxb4 21. Nc3
Ra5 22. Rxa5 Qxa5 23. Ne4 Nd3 24. Be3 Qh5 25. f3 Qe5 26. Qc2 Qb5 27. Nd2 Nxb2
28. Qxb2 c3 29. Qa2 cxd2 30. Qxd2 Qd5 31. Rc1+ Kb7 32. Qc2 Qd7 33. Qa2 a6 34.
Qa5 Qd6 35. Bc5 Qc6 36. Qxb4+ Ka8 37. Kg2 Rh5 38. Rb1 Bd6 39. Bxd6 Qc2+ 40. Kg1
Rb5 41. Qe4+ Qxe4 42. fxe4 Rxb1+ 43. Kg2 Rb2+ 44. Kh3 Kb7 45. g4 Kc6 46. e5 Kd7
47. Kg3 a5 48. h4 a4 49. Kf4 Rb3 50. g5 a3 51. g6 a2 52. gxf7 a1=Q 53. f8=N+
Ke8 54. Nxe6 Qa4+ 0-1

[Event "British Championship"]
[Site "Torquay"]
[Date "2009.07.28"]
[Round "2.2"]
[White "Greet, Andrew"]
[Black "Jones, Gawain C"]
[Result "0-1"]
[WhiteElo "2443"]
[BlackElo "2554"]
[PlyCount "80"]
[EventDate "2009.07.28"]
[EventRounds "11"]
[EventCountry "ENG"]

1. e4 c5 2. Nf3 d6 3. d4 cxd4 4. Nxd4 Nf6 5. Nc3 g6 6. Be3 Bg7 7. f3 Nc6 8. Qd2
O-O 9. Bc4 Bd7 10. O-O-O Rc8 11. Bb3 Ne5 12. Kb1 Nc4 13. Bxc4 Rxc4 14. g4 b5
15. b3 b4 16. bxc4 bxc3 17. Qxc3 Qc7 18. Bc1 d5 19. Bb2 Rb8 20. Nb3 dxe4 21.
Qe5 Qxe5 22. Bxe5 Rb7 23. g5 Ne8 24. Bxg7 Nxg7 25. fxe4 Ne6 26. h4 a5 27. Ka1
a4 28. Na5 Rc7 29. Rd5 Nc5 30. Rb1 Kg7 31. Re5 e6 32. Rb8 Bc8 33. Kb2 Nd7 34.
Reb5 Nxb8 35. Rxb8 f5 36. Kc3 f4 37. Kd4 e5+ 38. Kxe5 f3 39. Kd6 Rf7 40. Rb1 f2
0-1

[Event "British Championship"]
[Site "Torquay"]
[Date "2009.07.28"]
[Round "2.3"]
[White "Gordon, Stephen"]
[Black "Rendle, Thomas"]
[Result "1-0"]
[WhiteElo "2537"]
[BlackElo "2377"]
[PlyCount "121"]
[EventDate "2009.07.28"]
[EventRounds "11"]
[EventCountry "ENG"]

1. d4 f5 2. g3 Nf6 3. Bg2 g6 4. Nf3 Bg7 5. b3 O-O 6. O-O d6 7. Bb2 Qe8 8. d5
Na6 9. c4 c5 10. Nc3 Nc7 11. a4 h6 12. h4 Qf7 13. Qd2 Ng4 14. e3 Ne8 15. Rae1
Nef6 16. e4 fxe4 17. Nxe4 Nxe4 18. Rxe4 Bxb2 19. Qxb2 Bf5 20. Rf4 Qh7 21. Re1
Nf6 22. Nh2 Rf7 23. g4 Bd7 24. Rxe7 Rxe7 25. Qxf6 Rf7 26. Qxd6 Rxf4 27. Qxf4
Rf8 28. Qd6 Qf7 29. Qxc5 Qf4 30. Bf3 Qf6 31. Kg2 b6 32. Qc7 Rf7 33. Qg3 Qd4 34.
Nf1 Rf4 35. Ne3 Kg7 36. d6 Be6 37. Nd5 Bxd5 38. cxd5 g5 39. hxg5 hxg5 40. d7
Qf6 41. Be2 Qe7 42. Qc3+ Rf6 43. Qc7 Rf7 44. d8=Q Qxc7 45. Qxg5+ Kf8 46. Bc4
Qd6 47. Qe3 Rf4 48. f3 Rf7 49. Bd3 Qf6 50. Bf5 Re7 51. Be6 Rh7 52. g5 Qb2+ 53.
Kg3 Qh2+ 54. Kg4 Rh4+ 55. Kf5 Qc2+ 56. Ke5 Qb2+ 57. Kd6 Qa3+ 58. Kc6 Qe7 59. d6
Qe8+ 60. d7 Qa8+ 61. Kc7 1-0

[Event "British Championship"]
[Site "Torquay"]
[Date "2009.07.28"]
[Round "2.4"]
[White "Palliser, Richard"]
[Black "Williams, Simon Kim"]
[Result "0-1"]
[WhiteElo "2413"]
[BlackElo "2527"]
[PlyCount "114"]
[EventDate "2009.07.28"]
[EventRounds "11"]
[EventCountry "ENG"]

1. d4 e6 2. c4 b6 3. e4 Bb7 4. Bd3 Nc6 5. Ne2 Nb4 6. Nbc3 Nxd3+ 7. Qxd3 g6 8.
d5 d6 9. O-O Bg7 10. f4 Nf6 11. dxe6 fxe6 12. Nd4 Qd7 13. f5 exf5 14. exf5
O-O-O 15. Ne6 Rde8 16. Nb5 Rxe6 17. fxe6 Qxe6 18. Bf4 Nh5 19. Rae1 Qg4 20. Qd2
Rf8 21. Bxd6 Rxf1+ 22. Rxf1 cxd6 23. h3 Qe6 24. Nxd6+ Kb8 25. Nxb7 Kxb7 26.
Qd5+ Qxd5 27. cxd5 Bd4+ 28. Kh2 Be5+ 29. Kg1 Nf4 30. b3 Kc7 31. Kf2 Nxd5 32.
Kf3 Kd6 33. Rd1 Ke6 34. a4 a5 35. Rd3 Nb4 36. Rd8 Nc6 37. Rd3 Nd4+ 38. Ke4 Nf5
39. Rd8 Nd6+ 40. Kd3 Nb7 41. Rf8 Kd5 42. g4 Nc5+ 43. Kc2 Ne6 44. Rf7 h5 45.
gxh5 gxh5 46. Kd2 h4 47. Ke3 Nc5 48. Rh7 Bg3 49. Rh6 Ne6 50. Kf3 Nd4+ 51. Kg4
Kc5 52. Rh5+ Kc6 53. Rh6+ Kb7 54. Rh7+ Ka6 55. Rxh4 Bxh4 56. Kxh4 Nxb3 57. Kg4
b5 0-1

[Event "British Championship"]
[Site "Torquay"]
[Date "2009.07.28"]
[Round "2.5"]
[White "Lane, Gary W"]
[Black "Wells, Peter K"]
[Result "1/2-1/2"]
[WhiteElo "2379"]
[BlackElo "2498"]
[PlyCount "70"]
[EventDate "2009.07.28"]
[EventRounds "11"]
[EventCountry "ENG"]

1. e4 c5 2. Nf3 Nc6 3. d4 cxd4 4. Nxd4 Nf6 5. Nc3 d6 6. Bc4 e6 7. Be3 Be7 8.
Qe2 a6 9. O-O-O Qc7 10. Bb3 Na5 11. g4 b5 12. g5 Nxb3+ 13. axb3 Nd7 14. Nf5
exf5 15. Nd5 Qd8 16. exf5 Bb7 17. f6 gxf6 18. Rhe1 Bxd5 19. Rxd5 Rg8 20. Bf4
Kf8 21. Bxd6 Bxd6 22. Rxd6 fxg5 23. Qd2 g4 24. f4 Ra7 25. Qb4 a5 26. Rxd7+ axb4
27. Rxd8+ Kg7 28. Rd5 Ra1+ 29. Kd2 Rxe1 30. Kxe1 Re8+ 31. Kf2 Rc8 32. Rxb5
Rxc2+ 33. Kg3 Rxb2 34. Rxb4 h5 35. h3 gxh3 1/2-1/2

[Event "British Championship"]
[Site "Torquay"]
[Date "2009.07.28"]
[Round "2.6"]
[White "Gormally, Daniel"]
[Black "Eggleston, David"]
[Result "0-1"]
[WhiteElo "2490"]
[BlackElo "2341"]
[PlyCount "94"]
[EventDate "2009.07.28"]
[EventRounds "11"]
[EventCountry "ENG"]

1. e4 c5 2. Nf3 d6 3. d4 cxd4 4. Nxd4 Nf6 5. Nc3 a6 6. Be3 e5 7. Nb3 Be6 8. Qd2
Nbd7 9. O-O-O Be7 10. f3 b5 11. g4 h6 12. h4 Nb6 13. Qf2 Nfd7 14. Kb1 Rc8 15.
Nd5 Bxd5 16. exd5 Nc4 17. Bc1 a5 18. Nd2 Qb6 19. Qxb6 Ndxb6 20. Ne4 b4 21. b3
Na3+ 22. Bxa3 bxa3 23. Bb5+ Kd8 24. c4 Nd7 25. Bxd7 Kxd7 26. c5 g6 27. c6+ Kc7
28. Nd2 f5 29. gxf5 gxf5 30. Nc4 Rhg8 31. Nxa3 Rg3 32. Rhf1 Rb8 33. Nc4 a4 34.
Kc2 Bxh4 35. bxa4 Rb4 36. Kc3 Rxa4 37. Rb1 Ra7 38. a4 e4 39. a5 exf3 40. Rf2
Rh3 41. Rff1 Bf6+ 42. Kb4 Bd4 43. Rbe1 f2 44. Re7+ Kb8 45. Rxa7 Bc5+ 46. Ka4
Kxa7 47. Nb6 Ka6 0-1

[Event "British Championship"]
[Site "Torquay"]
[Date "2009.07.28"]
[Round "2.7"]
[White "Hawkins, Jonathan"]
[Black "Trent, Lawrence"]
[Result "1/2-1/2"]
[WhiteElo "2325"]
[BlackElo "2471"]
[PlyCount "32"]
[EventDate "2009.07.28"]
[EventRounds "11"]
[EventCountry "ENG"]

1. d4 Nf6 2. c4 g6 3. Nc3 Bg7 4. e4 d6 5. f3 O-O 6. Be3 c5 7. dxc5 dxc5 8. Qxd8
Rxd8 9. Bxc5 Nc6 10. Nge2 Nd7 11. Be3 Nde5 12. Nf4 Nb4 13. Rc1 Be6 14. b3 g5
15. Nxe6 fxe6 16. Bxg5 Ned3+ 1/2-1/2

[Event "British Championship"]
[Site "Torquay"]
[Date "2009.07.28"]
[Round "2.8"]
[White "Houska, Jovanka"]
[Black "Summerscale, Aaron"]
[Result "1/2-1/2"]
[WhiteElo "2392"]
[BlackElo "2454"]
[PlyCount "39"]
[EventDate "2009.07.28"]
[EventRounds "11"]
[EventCountry "ENG"]

1. d4 d5 2. Nf3 Nf6 3. c4 c6 4. e3 Bg4 5. Nc3 e6 6. Qb3 Qb6 7. Nh4 Be7 8. h3
Bh5 9. g4 Bg6 10. Nxg6 hxg6 11. Bg2 Qa6 12. cxd5 exd5 13. Bd2 Nbd7 14. O-O-O
Nb6 15. e4 Nxe4 16. Nxe4 dxe4 17. Bxe4 Qc4+ 18. Qxc4 Nxc4 19. Bc3 Nd6 20. Bg2
1/2-1/2

[Event "British Championship"]
[Site "Torquay"]
[Date "2009.07.28"]
[Round "2.9"]
[White "Ynojosa, Felix Jose"]
[Black "Cobb, James"]
[Result "0-1"]
[WhiteElo "2188"]
[BlackElo "2432"]
[PlyCount "148"]
[EventDate "2009.07.28"]
[EventRounds "11"]
[EventCountry "ENG"]

1. e4 e5 2. Bc4 Nc6 3. d3 Nf6 4. Nc3 Na5 5. Nge2 Be7 6. O-O Nxc4 7. dxc4 d6 8.
f4 exf4 9. Bxf4 O-O 10. Ng3 c6 11. Kh1 Be6 12. Nf5 Bxf5 13. exf5 Qa5 14. Qd3
Rad8 15. Rae1 Rd7 16. Bg5 Qd8 17. h3 d5 18. cxd5 cxd5 19. Qd4 b6 20. Rf3 h6 21.
Bxf6 Bxf6 22. Qg4 Re8 23. Rd1 Rde7 24. Rff1 d4 25. Qf3 Re3 26. Qc6 Qc8 27. Qxc8
Rxc8 28. Nd5 Re2 29. Nxf6+ gxf6 30. Rxd4 Rcxc2 31. Rg4+ Kf8 32. Rd1 Rxb2 33. a4
Rbd2 34. Rxd2 Rxd2 35. Rc4 Ke7 36. Rc7+ Rd7 37. Rc6 Rd6 38. Rc7+ Rd7 39. Rc6
Rb7 40. Kh2 a6 41. Kg3 b5 42. Rxa6 b4 43. Rc6 b3 44. Rc1 Rb4 45. Kf3 Kd6 46.
Ke3 Rxa4 47. Rb1 Rb4 48. Rb2 Ke5 49. Kd3 Kxf5 50. Kc3 Rb6 51. Rf2+ Kg5 52. Kb2
f5 53. Rd2 Kf4 54. Rd7 Kg3 55. Rxf7 Kxg2 56. Rxf5 Kxh3 57. Rf3+ Kg4 58. Rf8 h5
59. Rg8+ Kh3 60. Rh8 h4 61. Rh7 Kg3 62. Rg7+ Kh2 63. Rh7 h3 64. Rg7 Kh1 65. Rh7
h2 66. Rg7 Rf6 67. Kxb3 Rf1 68. Kc4 Rg1 69. Rh7 Kg2 70. Rg7+ Kf2 71. Rf7+ Ke2
72. Re7+ Kd2 73. Rd7+ Kc2 74. Ra7 h1=Q 0-1

[Event "British Championship"]
[Site "Torquay"]
[Date "2009.07.28"]
[Round "2.10"]
[White "Conquest, Stuart"]
[Black "Birtwistle, Nigel"]
[Result "1-0"]
[WhiteElo "2572"]
[BlackElo "2186"]
[PlyCount "81"]
[EventDate "2009.07.28"]
[EventRounds "11"]
[EventCountry "ENG"]

1. d4 c5 2. d5 Nf6 3. Nf3 e6 4. c4 b5 5. dxe6 fxe6 6. cxb5 Bb7 7. g3 Be7 8. Bg2
O-O 9. O-O a6 10. Nc3 axb5 11. Nxb5 Qb6 12. a4 Bc6 13. Bg5 h6 14. Bd2 Bxb5 15.
Qb3 Nc6 16. Qxb5 Qa7 17. Qd3 Rf7 18. a5 Rb8 19. Bc3 Nd5 20. Ne5 Nxe5 21. Bxe5
d6 22. Bc3 Nxc3 23. bxc3 d5 24. c4 d4 25. Rfb1 Rb4 26. a6 Bf6 27. Bb7 Re7 28.
Ra5 Rd7 29. Rxb4 cxb4 30. Rb5 Be7 31. Qg6 Rc7 32. Qxe6+ Kf8 33. Rf5+ Bf6 34.
Qd6+ Re7 35. Qxb4 d3 36. exd3 Qd4 37. Rd5 Qa1+ 38. Kg2 Kf7 39. Ra5 Qd1 40. Bd5+
Kg6 41. Be4+ 1-0

[Event "British Championship"]
[Site "Torquay"]
[Date "2009.07.28"]
[Round "2.11"]
[White "Varnam, Liam"]
[Black "Buckley, Graeme"]
[Result "1/2-1/2"]
[WhiteElo "2167"]
[BlackElo "2398"]
[PlyCount "121"]
[EventDate "2009.07.28"]
[EventRounds "11"]
[EventCountry "ENG"]

1. e4 c5 2. Nf3 e6 3. d4 cxd4 4. Nxd4 Nf6 5. Bd3 Nc6 6. Nxc6 bxc6 7. O-O e5 8.
Qe2 Be7 9. c3 O-O 10. f4 d6 11. Na3 Bg4 12. Qc2 Bh5 13. fxe5 dxe5 14. Be2 Bg6
15. Bf3 Bxa3 16. bxa3 Qa5 17. Bg5 Nd7 18. Rfd1 Nc5 19. Be7 Rfe8 20. Bd6 Nb7 21.
Kh1 Rad8 22. Bb4 Qb6 23. a4 a5 24. Ba3 Qe3 25. Qb3 Qa7 26. Rab1 Nc5 27. Qc4 Ne6
28. Qxc6 Rc8 29. Qb5 Ng5 30. Qd3 Qc7 31. Rb5 Qxc3 32. Qxc3 Rxc3 33. Rxe5 f6 34.
Rxe8+ Bxe8 35. Bd6 Bxa4 36. Rf1 Bb5 37. Rb1 Bc6 38. Bc7 a4 39. Ba5 Rc2 40. a3
Kf7 41. Re1 f5 42. Rf1 Nxe4 43. Kg1 g5 44. Bb4 Kg6 45. Rd1 Nf6 46. Rd6 Bd7 47.
Ba5 Rc8 48. Bb6 Rf8 49. Bd4 Bb5 50. Bd1 f4 51. Bc2+ Kg7 52. Rb6 Bd7 53. Ra6 Bb5
54. Ra5 Be8 55. Rxg5+ Kh6 56. Ra5 Bg6 57. Bxg6 hxg6 58. Bxf6 Rxf6 59. Rxa4 Kg5
60. Ra5+ Kh4 61. Kf2 1/2-1/2

[Event "British Championship"]
[Site "Torquay"]
[Date "2009.07.28"]
[Round "2.12"]
[White "Arkell, Keith C"]
[Black "Khandelwal, Ankush"]
[Result "1-0"]
[WhiteElo "2521"]
[BlackElo "2160"]
[PlyCount "93"]
[EventDate "2009.07.28"]
[EventRounds "11"]
[EventCountry "ENG"]

1. d4 f5 2. Nc3 d5 3. Bf4 Nf6 4. Nf3 e6 5. e3 b6 6. Bd3 Be7 7. h3 O-O 8. Nb5
Na6 9. c3 c6 10. Na3 Nc7 11. Ne5 Bb7 12. O-O Kh8 13. Nc2 Qe8 14. Rc1 c5 15. Re1
Rc8 16. a4 c4 17. Be2 a5 18. Ra1 Ne4 19. f3 Nf6 20. Bh2 Nd7 21. Na3 Bh4 22. Rf1
Bg5 23. Bf4 Bd8 24. Nxd7 Qxd7 25. b3 cxb3 26. Qxb3 Ba6 27. c4 Bxc4 28. Nxc4
dxc4 29. Bxc4 Nd5 30. Bxd5 exd5 31. Rfc1 Bc7 32. Be5 Bxe5 33. dxe5 Rc6 34. Rxc6
Qxc6 35. Rb1 Rb8 36. Rd1 Rd8 37. f4 Kg8 38. Rb1 Rb8 39. Qb5 Qc4 40. Kh2 g5 41.
Qd7 gxf4 42. Qe6+ Kh8 43. Qf6+ Kg8 44. Qg5+ Kh8 45. exf4 Qe4 46. Qf6+ Kg8 47.
Rb3 1-0

[Event "British Championship"]
[Site "Torquay"]
[Date "2009.07.28"]
[Round "2.13"]
[White "Eden, Tomer"]
[Black "Kolbus, Dietmar"]
[Result "0-1"]
[WhiteElo "2157"]
[BlackElo "2383"]
[PlyCount "138"]
[EventDate "2009.07.28"]
[EventRounds "11"]
[EventCountry "ENG"]

1. Nf3 Nf6 2. c4 e6 3. g3 b6 4. Bg2 Bb7 5. O-O Be7 6. d4 O-O 7. Nc3 d5 8. cxd5
exd5 9. Bf4 Nh5 10. Bd2 Nd7 11. Qb3 c6 12. e4 dxe4 13. Nxe4 Nhf6 14. Nxf6+ Bxf6
15. Bb4 Re8 16. Rfe1 Qc7 17. Bd2 Rxe1+ 18. Rxe1 Nf8 19. Bf4 Qd7 20. Be5 Bd8 21.
h4 Ne6 22. Bh3 Qd5 23. Qxd5 cxd5 24. Rc1 Rc8 25. Rxc8 Bxc8 26. Bf1 Nc7 27. Ne1
f6 28. Bd6 Bf5 29. Bd3 Bxd3 30. Nxd3 Nb5 31. Bb8 Nxd4 32. Nb4 Kf7 33. Nxd5 Nc6
34. Bf4 Ke6 35. Nc3 Be7 36. Kf1 Bb4 37. Ke2 Bxc3 38. bxc3 Kd5 39. Kd3 b5 40. f3
h5 41. Bc7 a6 42. Bf4 Na5 43. Bb8 Nb7 44. Ba7 Nd8 45. Bb6 Ne6 46. Be3 f5 47.
Bf2 g6 48. Be3 Nf8 49. Bf2 Nd7 50. Bd4 Nb8 51. Bg7 Nc6 52. Bf6 Na5 53. Ke3 Nc4+
54. Kf4 Ke6 55. Bg7 Nb6 56. Bd4 Nd5+ 57. Kg5 Kf7 58. Bh8 Ne3 59. Bd4 Nc4 60.
Kf4 Nd2 61. Ke3 Nc4+ 62. Kf4 a5 63. Bh8 a4 64. Bd4 Ke6 65. Bg7 Nb2 66. Kg5 Kf7
67. Bd4 Nd3 68. Be3 Ne1 69. Kf4 Ng2+ 0-1